02614nam a2200361 a 4500001001200000003000800012006001900020007001500039008004100054010001700095015001500112020001500127040002100142035002000163050002400183245011500207260006600322300001900388490003000407504005300437505119400490533015201684650004701836650005201883650003501935650002901970655002901999700002802028700002202056710001702078830003102095856012602126ebr10064464CaPaEBRm u cr cn|||||||||000622s1999 enka sb 001 0 eng c z 00268430  aGBA0-10085 z1853026417 aCaPaEBRcCaPaEBR a(OCoLC)4496456314aHV7428b.G66 1999eb00aGood practice in working with violenceh[electronic resource] /cedited by Hazel Kemshall and Jacki Pritchard. aLondon ;aPhiladelphia :bJessica Kingsley Publishers,c1999. a279 p. :bill.1 aGood practice series ;v6 aIncludes bibliographical references and indexes.0 aIntroduction / Hazel Kemshall and Jacki Pritchard -- Sentencing violent offenders / David Bentley -- Young offenders who commit grave crimes : the criminal justice response / Gwyneth Boswell -- The assessment and management of violent offenders / Hazel Kemshall -- Working with men who are violent to partners : striving for good practice / David Morran and Monica Wilson -- Managing violence ; managing masculinity / Karen Buckley -- Violent women : building knowledge-based intervention strategies / Judith Rumgay -- South-Asian young women's experiences of violence and abuse / Umme Farvah Imam -- Linking thoughts to actions : using the integrated abuse cycle in assessing sexually aggressive children / Colin Hawkes -- Children in danger of violence from their carers : lessons from the literature and practice / Ann Hagell and Renuka Jeyarajah Dent -- Managing violence in residential settings / Angela Stanton-Greenwood -- Violence in high secure hospital settings : measuring, assessing and responding / Colin Dale ... [et al.] -- Public protection, potentially violent offenders and the role of senior managers / Gill MacKenzie -- Training on violence and aggression / Ron Wiener. aElectronic reproduction.bPalo Alto, Calif. :cebrary,d2013.nAvailable via World Wide Web.nAccess may be limited to ebrary affiliated libraries. 0aSocial work with criminalszGreat Britain. 0aViolent offendersxServices forzGreat Britain. 0aViolent crimeszGreat Britain. 0aViolencezGreat Britain. 7aElectronic books.2local1 aKemshall, Hazel,d1958-1 aPritchard, Jacki.2 aebrary, Inc. 0aGood practice series ;v6.40uhttp://site.ebrary.com/lib/rucke/Doc?id=10064464zAn electronic book accessible through the World Wide Web; click to view